00953pab a2200181 454500008004000000100001500040245004400055260000900099300001600108362001100124520043600135650002100571650001300592773003400605909001000639999001700649952010500666180718b2002 xxu||||| |||| 00| 0 eng d aSarath, S. aRaj and the railways (a review article) c2002 ap.1123-128. a23 Mar aThe characteristics of globalisation as it is now unfolding are multifarious. It is influencing culture as much as the economies of nation states. While most attention is focused on economic integration globalisation is seen to be leading to cultural hegemony. While such homogenisation of diverse cultures certainly makes humanity poorer, tentatively, haltingly, a universal conscience is beginning to take shape. - Reproduced. aRailways - India aRailways aEconomic and Political Weekly a52047 c52047d52047 00104070aIIPAbIIPAd2018-07-19hVolume no: 37, Issue no: 12pAR52477r2018-07-19w2018-07-19yAR